Statistics for Countries with Gambian embassies

Click here to take the quiz!

General Stats

  • This quiz has been taken 39 times
  • The average score is 15 of 22

Answer Stats

ContinentCountry% Correct
North AmericaUnited States of America
97%
Asia/ EuropeRussia
89%
EuropeFrance
86%
AfricaSenegal
86%
Asia/ EuropeTurkey
86%
EuropeUnited Kingdom
83%
EuropeBelgium
74%
AfricaMorocco
74%
AfricaNigeria
71%
North AmericaCuba
69%
AfricaGhana
69%
South AmericaVenezuela
69%
AfricaMauritania
66%
EuropeSpain
66%
AfricaGuinea Bissau
57%
AsiaIndia
57%
AfricaSierra Leone
57%
AfricaEthiopia
46%
AsiaSaudi Arabia
46%
AsiaUnited Arab Emirates
43%
AsiaIran
34%
AsiaQatar
34%

Score Distribution

Percentile by Number Answered

Percent of People with Each Score

Your Score History

You have not taken this quiz